| 000 | 00886nam a2200217Ia 4500 | ||
|---|---|---|---|
| 999 |
_c38071 _d38071 |
||
| 001 | 4057 | ||
| 003 | GE_BSU | ||
| 005 | 20190919115354.0 | ||
| 008 | 181216s||||||||xx |||||||||||||| ||und|| | ||
| 040 | _cGE_BSU | ||
| 041 | _ageo | ||
| 080 | _a398(479.22) ქ-88 | ||
| 100 |
_aქურდოვანიძე, თეიმურაზ _93290 |
||
| 245 |
_aქართული ფოლკლორი / _cთეიმურაზ ქურდოვანიძე ; რედ.: ზურაბ კიკნაძე. |
||
| 264 |
_aთბილისი : _bმერანი, _c2001. |
||
| 300 |
_a321 გვ. ; _b20 სმ. |
||
| 504 | _aბიბლიოგრ. სტატიების ბოლოს | ||
| 653 | _aქართული ფოლკლორი | ||
| 700 |
_aკიკნაძე, ზურაბ _eრედაქტორი _94114 |
||
| 942 |
_cBK _2udc |
||